Správa z podujatia workshop pre študentov - „GrEYt Day with EY“
Workshop pre študentov pod názvom: „GrEYt Day with EY“.
Salvato in:
| Autore principale: | |
|---|---|
| Natura: | Capitolo di libro |
| Lingua: | slovacco |
| Tags: |
Nessun Tag, puoi essere il primo ad aggiungerne!!
|
MARC
| LEADER | 00000naa a2200000 4500 | ||
|---|---|---|---|
| 001 | 0298171 | ||
| 005 | 20240619110852.6 | ||
| 041 | 0 | |a slo | |
| 044 | |a SK | ||
| 245 | 1 | 0 | |a Správa z podujatia workshop pre študentov - „GrEYt Day with EY“ |c Magdaléna Freňáková |
| 520 | |a Workshop pre študentov pod názvom: „GrEYt Day with EY“. | ||
| 100 | 1 | |a Freňáková, Magdaléna, 1981- | |